Catálogo

Vista normal Vista MARC

Entrada Personal Name

Número de registros utilizados en: 1

001 - CONTROL NUMBER

  • control field: 15165

003 - CONTROL NUMBER IDENTIFIER

  • control field: DLC

005 - DATE AND TIME OF LATEST TRANSACTION

  • control field: 20231123103407.0

008 - FIXED-LENGTH DATA ELEMENTS

  • fixed length control field: 220415n| azannaabn |n aaa c

010 ## - LIBRARY OF CONGRESS CONTROL NUMBER

  • LC control number: no2022048474

035 ## - SYSTEM CONTROL NUMBER

  • System control number: (OCoLC)oca14470012

040 ## - CATALOGING SOURCE

  • Original cataloging agency: ICrlF
  • Language of cataloging: spa
  • Description conventions: rda
  • Transcribing agency: Mx-PuUPA
  • Modifying agency: OCoLC
  • Modifying agency: Mx-PuUPA

046 ## - SPECIAL CODED DATES

  • Birth date: 19850826
  • Source of date scheme: edtf

100 1# - HEADING--PERSONAL NAME

  • Personal name: Laloux, Éléonore,
  • Dates associated with a name: 1985-

372 ## - FIELD OF ACTIVITY

  • Field of activity: Síndrome de Down
  • Source of term: lcsh

374 ## - OCCUPATION

  • Occupation: Autor
  • Source of term: lcsh

375 ## - GENDER

  • Gender: mujer
  • Source of term: lcdgt

377 ## - ASSOCIATED LANGUAGE

  • Language code: fre

670 ## - SOURCE DATA FOUND

  • Source citation: Laloux, Éléonore. Tengo Síndrome de Down ... ¿y qué?, 2015 :
  • Information found: t.p. (Éléonore Laloux)

670 ## - SOURCE DATA FOUND

  • Source citation: Wikipedia April 14, 2022
  • Information found: (Éléonore Laloux born August 26, 1985 is a French woman with Down syndrome . From an early age, her career in the ordinary environment has been a model of integration. Spokesperson for the Collectif les Amis d'Éléonore, she defends the cause of people with Down syndrome and fights against the stigmatization of her disease. She is the author of a book Triso et alors! published by Max Milo Editions in 2014)